Geographie auf einer Weltkarte #2 - Statistiken

Allgemein
  • Dieses Quiz wurde 12.176 mal gespielt
  • Das Durchschnittsergebnis liegt bei 13 aus 25
Antworten auf der Karte
Die Antworten werden auf der Karte rot bzw. grün angezeigt, abhängig davon wie oft sie richtig erraten wurden.
 
Antwortstatistiken
Art Antwort % Korrekt
Wüste Sahara
96%
Land Tschechien
89%
Land Estland
87%
Stadt New York City
83%
Land Jemen
82%
Stadt Barcelona
81%
Insel Grönland
77%
Stadt Buenos Aires
65%
Berg Mount Everest
64%
Wüste Gobi
60%
Land Uganda
60%
Berg Mont Blanc
59%
Land Belize
57%
Stadt Melbourne
55%
Insel Sizilien
53%
Insel Hispaniola
27%
Insel Sumatra
26%
Berg Tafelberg
26%
Insel Honshu
24%
Stadt Kolkata
23%
Berg Denali
21%
Wüste Kalahari
21%
Berg Elbrus
19%
Wüste Mojave-Wüste
9%
Wüste Große Sandwüste
6%
Keine übereinstimmenden Quizze gefunden
Verteilung der Resultate
Anzahl Personen mit jedem Resultat
Perzentil nach korrekt beantworteten Fragen
Ihre Resultats-Entwicklung
Sie haben dieses Quiz noch nicht gespielt